logo

Bir Sreshtho Munshi Abdur Rouf Library
Jhenaidah Cadet College

Walden -Civil Disobedience : (Record no. 645)

MARC details
000 -LEADER
fixed length control field 00585nam a2200217 a 4500
001 - CONTROL NUMBER
JCCL Control Number 645
003 - CONTROL NUMBER IDENTIFIER
JCCL marc code BD-JhCC
005 - DATE AND TIME OF LATEST TRANSACTION
control field 20171008211928.0
008 - FIXED-LENGTH DATA ELEMENTS--GENERAL INFORMATION
fixed length control field 171008s1773 uk ||||| |||| 00| 0 eng d
035 ## - SYSTEM CONTROL NUMBER
system control number (BD-JhCC) 645
040 ## - CATALOGING SOURCE
Original cataloging agency BD-JhCC
Modifying agency BD-JhCC
041 ## - LANGUAGE CODE
Language code of Book eng
082 ## - DEWEY DECIMAL CLASSIFICATION NUMBER
Classification number 818.303
Author mark and Year THO 1873
100 ## - MAIN ENTRY--PERSONAL NAME
Personal name Thoreau, Henry David
245 ## - TITLE STATEMENT
Title Walden -Civil Disobedience :
Remainder of title Barnes & Noble Book Notes /
Statement of responsibility, etc Henry David Thoreau
260 ## - PUBLICATION, DISTRIBUTION, ETC. (IMPRINT)
Place of publication, distribution, etc New york :
Name of publisher, distributor, etc Rarnes & Noble, INC
Date of publication, distribution, etc 1873.
300 ## - PHYSICAL DESCRIPTION
Pagination 78 p. :
Dimensions 21 cm.
650 ## - SUBJECT ADDED ENTRY--TOPICAL TERM
Topical term or geographic name as entry element Natural History
942 ## - ADDED ENTRY ELEMENTS (KOHA)
Source of classification or shelving scheme Dewey Decimal Classification
Koha item type Books
Holdings
Source of classification or shelving scheme Damaged status Not for loan Home library Current library Shelving location Total Checkouts Full call number Barcode Date last seen Copy number Koha item type
Dewey Decimal Classification     JCC Rouf Library JCC Rouf Library General Stacks   818.303 THO 1873 1062 10/08/2017 C-1 Books

JCC Library | Contacts | JCC Home

Last Update on 23 September 2017
Copyright @ 2017-2020 JCC Rouf Library
Rouf Library, Jhenidah Cadet College (JCC), Bangladesh